| Tag |
First Indicator |
Second Indicator |
Subfields |
| LEADER |
00000cam a2200000 a 4500 |
| 001 |
in00001174792 |
| 005 |
20151001073145.0 |
| 008 |
921130s1993 caub b 000 0 eng |
| 010 |
|
|
|a 92043736
|
| 020 |
|
|
|a 0877723346
|
| 035 |
|
|
|a (OCoLC)27146046
|
| 035 |
|
|
|9 AGE6499AM
|
| 040 |
|
|
|a DLC
|c DLC
|d UtOrBLW
|
| 043 |
|
|
|a n-us---
|a n-cn---
|
| 049 |
|
|
|a TXAM
|
| 050 |
0 |
0 |
|a HT167
|b .M48 1993
|
| 082 |
0 |
0 |
|a 307.1/6/0973
|2 20
|
| 245 |
0 |
0 |
|a Metropolitan governance :
|b American/Canadian intergovernmental perspectives /
|c edited by Donald N. Rothblatt and Andrew Sancton.
|
| 264 |
|
1 |
|a Berkeley :
|b Institute of Governmental Studies Press, University of California,
|c 1993.
|
| 300 |
|
|
|a 469 pages :
|b maps ;
|c 23 cm.
|
| 336 |
|
|
|a text
|b txt
|2 rdacontent
|
| 337 |
|
|
|a unmediated
|b n
|2 rdamedia
|
| 338 |
|
|
|a volume
|b nc
|2 rdacarrier
|
| 490 |
1 |
|
|a North American federalism project ;
|v v. 1
|
| 504 |
|
|
|a Includes bibliographical references.
|
| 650 |
|
0 |
|a City planning
|z United States.
|
| 650 |
|
0 |
|a City planning
|z Canada.
|
| 650 |
|
0 |
|a Metropolitan government
|z United States.
|
| 650 |
|
0 |
|a Metropolitan government
|z Canada.
|
| 700 |
1 |
|
|a Rothblatt, Donald N.
|
| 700 |
1 |
|
|a Sancton, Andrew,
|d 1948-
|
| 830 |
|
0 |
|a North American federalism project ;
|v v. 1.
|
| 999 |
|
|
|a MARS
|
| 999 |
f |
f |
|s 90f0544e-2ea8-3a75-bfbc-5be0f749d797
|i f04043f5-35ac-3a5c-b090-062b8e7ecd64
|t 0
|
| 952 |
f |
f |
|p ric
|a Texas A&M University
|b Rellis Campus
|c Joint Library Facility
|d Remote Storage
|t 0
|e HT167 .M48 1993
|h Library of Congress classification
|i unmediated -- volume
|m A14818363613
|
| 998 |
f |
f |
|a HT167 .M48 1993
|t 0
|l Remote Storage
|